FIFA Arab Cup Top 4 Positions - Statistics

General Stats
  • This quiz has been taken 107 times
    82 since last reset
  • The average score is 13 of 14
Answer Stats
Answer % Correct
Egypt
100%
Qatar
98%
Saudi Arabia
98%
Algeria
95%
Iraq
94%
Morocco
94%
Tunisia
94%
United Arab Emirates
94%
Syria
89%
Bahrain
84%
Kuwait
84%
Libya
84%
Jordan
81%
Lebanon
81%
No matching quizzes found
Score Distribution
Percent of People with Each Score
Percentile by Number Answered
Your Score History
You have not taken this quiz since the last reset